Statistiques concernant Cocardes d'Europe

Cliquez ici pour prendre le quiz!

Statistiques générales

  • Ce quiz a été pris 404 fois
  • Le résultat moyen est 26 sur 39

Statistiques - réponses

Réponse% Correct
Suisse
95%
Allemagne
94%
France
91%
Belgique
85%
Italie
85%
Irlande
81%
Ukraine
81%
Islande
80%
Estonie
78%
Espagne
76%
Bulgarie
75%
République tchèque
75%
Pologne
73%
Roumanie
73%
Royaume-Uni
73%
Finlande
72%
Hongrie
72%
Bosnie-Herzégovine
71%
Malte
71%
Pays-Bas
70%
Biélorussie
69%
Autriche
67%
Slovaquie
67%
Suède
67%
Albanie
65%
Luxembourg
64%
Lettonie
62%
Grèce
60%
Croatie
57%
Portugal
57%
Russie
56%
Macédoine
52%
Norvège
52%
Lituanie
50%
Serbie
46%
Danemark
40%
Moldavie
40%
Slovénie
40%
Monténégro
27%

Distribution des résultats

Percentile par nombre de réponses

% des personnes avec chaque résultat

Votre développement - résultats

Vous n’avez pas pris ce quiz